La Biología en 100 preguntas
Las respuestas de la ciencia a las preguntas más relevantes en el campo de la Biología: el origen de la vida, los niveles de organización de la materia viva, la genética, la evolución, la biodiversidad, la salud y el funcionamiento del cuerpo humano. Esta obra le ayudará a entender el proceso más ma...
| Autor principal: | |
|---|---|
| Formato: | Desconocido |
| Idioma: | Indeterminado |
| Publicado: |
España
España
2016-05-30 18:45:00
|
| Temas: | |
| Acceso en línea: | Texto completo |
MARC
| LEADER | 00000 a2200000 4500 | ||
|---|---|---|---|
| 001 | ALPHAC_71308 | ||
| 003 | XX-XxUND | ||
| 008 | s2016 xx |||||||||||| ||||und d | ||
| 020 | |a 9789587787818 | ||
| 035 | |a 9789587787818 | ||
| 100 | 1 | |a Pozuelo, J. |e author | |
| 245 | 1 | |a La Biología en 100 preguntas | |
| 260 | |a España |b España |c 2016-05-30 18:45:00 | ||
| 300 | |a 345 | ||
| 520 | |a Las respuestas de la ciencia a las preguntas más relevantes en el campo de la Biología: el origen de la vida, los niveles de organización de la materia viva, la genética, la evolución, la biodiversidad, la salud y el funcionamiento del cuerpo humano. Esta obra le ayudará a entender el proceso más maravilloso del universo: la vida.Si desea adquirir el libro impreso ingrese aquí | ||
| 650 | 4 | |a Biología | |
| 754 | 1 | |a category |c Ciencias Básicas | |
| 856 | 4 | |u https://alphaeditorialcloud.uam.elogim.com/reader/la-biologia-en-100-preguntas-1595634512 |z Texto completo | |


